योगिराजाधिराज श्री श्री विशुद्धानन्द परमहंस (Record no. 63946)
[ view plain ]
| 000 -LEADER | |
|---|---|
| fixed length control field | 00477nam a22001097a 4500 |
| 082 ## - DEWEY DECIMAL CLASSIFICATION NUMBER | |
| Classification number | 920 |
| 100 ## - MAIN ENTRY--AUTHOR NAME | |
| Personal name | गुप्त, अक्षयकुमार दत्त |
| 245 ## - TITLE STATEMENT | |
| Title | योगिराजाधिराज श्री श्री विशुद्धानन्द परमहंस |
| 260 ## - PUBLICATION, DISTRIBUTION, ETC. (IMPRINT) | |
| Place of publication | वाराणसी |
| Name of publisher | विश्वविद्यालय प्रकाशन |
| Year of publication | 2018 |
| 650 ## - SUBJECT ADDED ENTRY--TOPICAL TERM | |
| Topical Term | जीवनी |
| 942 ## - ADDED ENTRY ELEMENTS (KOHA) | |
| Koha item type | Books |
| Withdrawn status | Lost status | Damaged status | Not for loan | Home library | Current library | Date acquired | Cost, normal purchase price | Full call number | Accession Number | Price effective from | Koha item type |
|---|---|---|---|---|---|---|---|---|---|---|---|
| MACL | MACL | 26/11/2020 | 600.00 | 920/KAV | CRH038652 | 26/11/2020 | Hindi Books |









